00525pab a2200181 454500008004000000100001600040245004200056260000900098300001500107362000800122650003000130650001200160773003200172908000600204909001000210999001700220952010600237180718b2011 xxu||||| |||| 00| 0 eng d aDala, Manju aA review of state finances in Haryana c2011 ap.249-275. aOct aFinance - India - Haryana aFinance aIndian Journal of Economics aN a97028 c97028d97028 00104070aIIPAbIIPAd2018-07-19hVolume no: 88, Issue no: 365pAR97488r2018-07-19w2018-07-19yAR